Top 25 Trading Partners - Germany - Statistics

General Stats
  • This quiz has been taken 107 times
  • The average score is 44 of 50
Answer Stats
Hint Answer % Correct
2nd Place: 124,361 France
98%
4th Place: 77,295 France
98%
5th Place: 96,659 United Kingdom
98%
11th Place: 43,525 United Kingdom
98%
3rd Place: 110,452 China
97%
1st Place: 126,750 China
97%
1st Place: 134,363 United States of America
97%
3rd Place: 78,295 United States of America
97%
7th Place: 75,276 Austria
93%
10th Place: 49,458 Austria
93%
16th Place: 24,239 Japan
93%
15th Place: 29,282 Japan
93%
8th Place: 74,773 Poland
93%
6th Place: 65,261 Poland
93%
4th Place: 99,570 Netherlands
92%
2nd Place: 104,913 Netherlands
92%
13th Place: 31,350 Russia
92%
14th Place: 30,614 Russia
92%
14th Place: 31,001 Sweden
92%
18th Place: 18,718 Sweden
92%
9th Place: 65,490 Switzerland
92%
8th Place: 55,322 Switzerland
92%
11th Place: 52,241 Belgium
91%
9th Place: 53,414 Belgium
91%
6th Place: 82,414 Italy
91%
5th Place: 71,250 Italy
91%
10th Place: 52,258 Spain
90%
12th Place: 38,349 Spain
90%
17th Place: 23,619 Denmark
89%
21st Place: 14,842 Denmark
89%
18th Place: 22,761 Turkey
89%
16th Place: 19,350 Turkey
89%
12th Place: 51,826 Czech Republic
88%
7th Place: 56,419 Czech Republic
88%
25th Place: 13,144 Finland
88%
23rd Place: 14,878 India
88%
24th Place: 10,756 India
88%
19th Place: 20,394 South Korea
86%
22nd Place: 14,423 South Korea
86%
21st Place: 16,479 Mexico
85%
24th Place: 13,543 Ireland
84%
20th Place: 16,043 Ireland
84%
20th Place: 19,211 Romania
78%
17th Place: 18,849 Romania
78%
15th Place: 30,956 Hungary
77%
13th Place: 32,524 Hungary
77%
22nd Place: 16,360 Slovakia
75%
19th Place: 16,991 Slovakia
75%
23rd Place: 11,631 Vietnam
59%
25th Place: 10,625 Malaysia
56%
No matching quizzes found
Score Distribution
Percent of People with Each Score
Percentile by Number Answered
Your Score History
You have not taken this quiz